000 00488nam a2200169Ia 4500
005 20250508152627.0
008 008 250505s9999 xx 000 0 eng d
037 _aBooks to be hide in OPAC
040 _aFEDL
_beng
_cFEDL
041 _aeng
_2eng
084 _a017.4, IMP
_qFEDL
245 0 _aImpex reference catalogue of Indian Books
260 _aNew Delhi, India
_bIndian Council for Africa
300 _a468p.
942 _cHB
_h017.4, IMP
999 _c1337684
_d1337684